Геохимические критерии нефтегазоносности: [сборник]

Xehetasun bibliografikoak
Erakunde egilea: Институт геологии и разработки горючих ископаемых (ИГиРГИ)
Beste egile batzuk: Михайлов И. М. Иван Михайлович (редактор)
Hizkuntza:errusiera
Argitaratua: Москва, Изд-во ИГИРГИ, 1983
Gaiak:
Formatua: MixedMaterials Liburua
KOHA link:https://koha.lib.tpu.ru/cgi-bin/koha/opac-detail.pl?biblionumber=304967

MARC

LEADER 00000nam0a2200000 4500
001 304967
005 20231102001744.0
020 |a RU  |b 83-50857 
035 |a (RuTPU)RU\TPU\book\330227 
090 |a 304967 
100 |a 20150921d1983 k y0rusy5003 ca 
101 0 |a rus 
102 |a RU 
105 |a a z 001zy 
200 1 |a Геохимические критерии нефтегазоносности  |e [сборник]  |f Институт геологии и разработки горючих ископаемых (ИГиРГИ) ; под ред. И. М. Михайлова 
210 |a Москва  |c Изд-во ИГИРГИ  |d 1983 
215 |a 130 с.  |c ил. 
320 |a Библиография в конце статей 
606 |a Нефтегазоносность  |2 stltpush  |3 (RuTPU)RU\TPU\subj\45590  |9 64783 
610 1 |a нефть 
610 1 |a газ 
610 1 |a геохимия 
610 1 |a разработка 
675 |a 553.98  |v 3 
702 1 |a Михайлов  |b И. М.  |g Иван Михайлович  |4 340 
712 0 2 |a Институт геологии и разработки горючих ископаемых (ИГиРГИ)  |c (Москва)  |2 stltpush  |3 (RuTPU)RU\TPU\col\294 
801 0 |a RU  |b RuMRKP  |c 19950704  |g psbo 
801 1 |a RU  |b 63413507  |c 20150921 
801 2 |a RU  |b 63413507  |c 20170907  |g RCR 
942 |c BK